[Event "Sportland.NRW Youth Cup"]
[Site "Dortmund GER"]
[Date "2019.07.13"]
[Round "1.1"]
[White "Kartsev, Nikolay"]
[Black "Elier, Ali"]
[Result "1/2-1/2"]
[WhiteElo "2017"]
[BlackElo "2030"]
[WhiteFideId "12939536"]
[BlackFideId "16217543"]
[EventDate "2019.07.13"]

1. e4 e5 2. Nf3 Nc6 3. Bb5 a6 4. Ba4 b5 5. Bb3 Na5 6. Bxf7+ Kxf7 7. Nxe5+ Ke7 8.
d4 Nf6 9. Bg5 Qe8 10. Qf3 h6 11. Bxf6+ gxf6 12. Ng4 Qg6 13. e5 Bb7 14. exf6+ Kd8
15. d5 Bb4+ 16. c3 Re8+ 17. Ne3 Bd6 18. O-O Rf8 19. Nd2 Rxf6 20. Qe2 c6 21. b4
Nc4 22. Ndxc4 bxc4 23. Nxc4 cxd5 24. Na5 Bc6 25. a4 Re6 26. Qf3 Ke7 27. Rfe1 Rf8
28. Qh3 Ba8 29. Nb3 Qf6 30. Rf1 Re4 31. Nd4 Kd8 32. Qd3 Qe5 33. g3 Bxb4 34. cxb4
Qxd4 35. Qxa6 Ke7 36. Qxh6 Re2 37. Rad1 Qe4 38. Qg5+ Ke6 39. Qh6+ Rf6 40. Qh8 d4
41. Qe8+ Kf5 42. Qh5+ Ke6 43. Qe8+ Kf5 1/2-1/2

[Event "Sportland.NRW Youth Cup"]
[Site "Dortmund GER"]
[Date "2019.07.13"]
[Round "1.2"]
[White "Wensing, Maximilian"]
[Black "Korten, Lando"]
[Result "1-0"]
[WhiteElo "2109"]
[BlackElo "2125"]
[WhiteFideId "16222415"]
[BlackFideId "12989606"]
[EventDate "2019.07.13"]

1. c4 Nf6 2. g3 g6 3. Bg2 Bg7 4. Nc3 O-O 5. d3 d6 6. e3 e5 7. Nge2 Nc6 8. Rb1
Be6 9. b4 Rb8 10. Nd5 Ne7 11. e4 c6 12. Nxf6+ Bxf6 13. O-O d5 14. Qc2 Qd7 15.
Be3 d4 16. Bh6 Bg7 17. Bxg7 Kxg7 18. f4 f6 19. Kh1 g5 20. Qd2 h6 21. Rf2 b5 22.
c5 Qc7 23. Rbf1 Bd7 24. fxg5 fxg5 25. Rxf8 Rxf8 26. Rxf8 Kxf8 27. h4 Kg7 28.
hxg5 h5 29. Ng1 Ng6 30. Qf2 Qd8 31. Bh3 Bg4 32. Bxg4 hxg4 33. Qf5 Qh8+ 34. Kg2
Qg8 35. Qd7+ Qf7 36. Qxc6 Qxa2+ 37. Kh1 Nf4 38. gxf4 g3 39. Qh6+ 1-0

[Event "Sportland.NRW Youth Cup"]
[Site "Dortmund GER"]
[Date "2019.07.13"]
[Round "1.3"]
[White "Gutkin, Ilya"]
[Black "Runte, Moritz"]
[Result "0-1"]
[WhiteElo "2106"]
[BlackElo "2094"]
[WhiteFideId "16203470"]
[BlackFideId "12991449"]
[EventDate "2019.07.13"]

1. Nf3 Nf6 2. c4 e6 3. g3 d5 4. Bg2 Be7 5. d4 O-O 6. Qc2 a6 7. Bf4 Nc6 8. O-O
Nb4 9. Qc1 dxc4 10. Qxc4 b5 11. Qc1 Nbd5 12. Ne5 Bb7 13. Bd2 Bd6 14. Nd3 Qe7 15.
a3 e5 16. e4 Nb6 17. dxe5 Bxe5 18. Bb4 Bd6 19. e5 Bxg2 20. Kxg2 Bxb4 21. axb4
Nfd5 22. Qc5 Rfd8 23. Rc1 Nc4 24. b3 Qxc5 25. bxc5 Nde3+ 26. fxe3 Nxe3+ 27. Kf3
Rxd3 28. Ke2 Rad8 29. Rc3 Rxc3 30. Nxc3 Nd5 31. Nxd5 Rxd5 32. Rxa6 Kf8 33. Rc6
Rxe5+ 34. Kd3 Re7 35. Kc3 Ke8 36. Kb4 Kd7 37. Kxb5 Re3 38. b4 Ra3 39. Ra6 Rxa6
40. Kxa6 Kc6 41. Ka5 f5 42. Ka4 g5 43. Kb3 Kb5 44. c6 Kxc6 45. Kc4 f4 46. gxf4
gxf4 47. Kd4 Kb5 48. Ke4 Kxb4 0-1

[Event "Sportland.NRW Youth Cup"]
[Site "Dortmund GER"]
[Date "2019.07.13"]
[Round "1.4"]
[White "Gallasch, Robin"]
[Black "Garbuz, Vitaliy"]
[Result "1-0"]
[WhiteElo "1987"]
[BlackElo "2128"]
[WhiteFideId "16222423"]
[BlackFideId "12990710"]
[EventDate "2019.07.13"]

1. d4 d5 2. c4 c6 3. cxd5 cxd5 4. Nc3 Nf6 5. Bf4 Nc6 6. e3 e6 7. Nf3 Bd6 8. Bg3
O-O 9. Bd3 a6 10. Rc1 Ne7 11. Ne5 Nf5 12. Bf4 Be7 13. O-O h6 14. h3 Nd6 15. Bb1
Bd7 16. Qd3 Rc8 17. f3 Nc4 18. Ng4 g6 19. Nxh6+ Kh8 20. Qe2 Qa5 21. Qf2 Kg7 22.
Ng4 Nxg4 23. fxg4 f5 24. g5 Rf7 25. Bd3 Nxb2 26. Qxb2 Ba3 27. Qd2 Bxc1 28. Rxc1
b5 29. Be5+ Kh7 30. Qf2 Kg8 31. Ne2 Rxc1+ 32. Nxc1 Qc3 33. Qc2 Qe1+ 34. Bf1
Qxe3+ 35. Kh1 Qxg5 36. Nd3 f4 37. Qf2 Qf5 38. Qh4 Rh7 39. Qd8+ Qf8 40. Qxf8+
Kxf8 41. Nxf4 g5 42. Nd3 Rf7 43. Kg1 a5 44. Nc5 b4 45. Bd6+ Kg7 46. Bd3 Bc8 47.
Be5+ Kh6 48. g3 Bd7 49. Kg2 a4 50. Bd6 Bc6 51. Nxe6 Rf6 52. Bf8+ Rxf8 53. Nxf8
Bb5 54. Bb1 Bc4 55. Ne6 Bxa2 56. Bxa2 b3 57. Bb1 a3 58. Nc5 a2 59. Bxa2 bxa2 60.
Nb3 1-0

[Event "Sportland.NRW Youth Cup"]
[Site "Dortmund GER"]
[Date "2019.07.13"]
[Round "1.5"]
[White "Seref, Erdogan"]
[Black "Arakelian, Aik"]
[Result "0-1"]
[WhiteElo "1989"]
[BlackElo "1993"]
[WhiteFideId "16206827"]
[BlackFideId "16220340"]
[EventDate "2019.07.13"]

1. c4 Nf6 2. Nc3 e5 3. g3 c6 4. d4 e4 5. d5 cxd5 6. Nxd5 Nxd5 7. Qxd5 Bb4+ 8.
Bd2 Bxd2+ 9. Qxd2 O-O 10. Bg2 Re8 11. Nh3 Nc6 12. O-O h6 13. Nf4 d6 14. Rad1 Bf5
15. Qxd6 Qb6 16. Nd5 Qxb2 17. Nc7 Rad8 18. Nxe8 Rxd6 19. Nxd6 Bg6 20. Nxe4 Qxa2
21. Nd6 Qxe2 22. Rfe1 Qb2 23. Bd5 Ne5 24. Bxb7 Nxc4 25. Be4 Bxe4 26. Nxe4 a5 27.
Nd6 Ne5 28. Kg2 Ng4 29. Ne4 a4 30. h3 Ne5 31. Rd2 Qb7 32. f3 f6 33. f4 Nc4 34.
Rc2 Nd6 35. Rce2 Nxe4 0-1

[Event "Sportland.NRW Youth Cup"]
[Site "Dortmund GER"]
[Date "2019.07.14"]
[Round "2.1"]
[White "Elier, Ali"]
[Black "Arakelian, Aik"]
[Result "1-0"]
[WhiteElo "2030"]
[BlackElo "1993"]
[WhiteFideId "16217543"]
[BlackFideId "16220340"]
[EventDate "2019.07.13"]

1. e4 d6 2. d4 g6 3. Bc4 Bg7 4. Nf3 e6 5. Nc3 Ne7 6. Bb3 O-O 7. h4 c5 8. h5 cxd4
9. Nxd4 Nbc6 10. Nxc6 Nxc6 11. hxg6 fxg6 12. Be3 Na5 13. Qd3 Nxb3 14. axb3 d5
15. Rd1 Qa5 16. exd5 exd5 17. Qxd5+ Qxd5 18. Nxd5 Bxb2 19. Ne7+ Kf7 20. Rxh7+
Kf6 21. Nd5+ Ke5 22. Nc7 Bf5 23. Re7+ 1-0

[Event "Sportland.NRW Youth Cup"]
[Site "Dortmund GER"]
[Date "2019.07.14"]
[Round "2.2"]
[White "Garbuz, Vitaliy"]
[Black "Seref, Erdogan"]
[Result "1-0"]
[WhiteElo "2128"]
[BlackElo "1989"]
[WhiteFideId "12990710"]
[BlackFideId "16206827"]
[EventDate "2019.07.13"]

1. e4 e5 2. Nc3 Nf6 3. f4 d5 4. fxe5 Nxe4 5. Qf3 Nxc3 6. dxc3 c5 7. Bf4 Nc6 8.
Rd1 Be6 9. Bb5 Qb6 10. a4 a6 11. Bxc6+ Qxc6 12. b3 Be7 13. Ne2 Rd8 14. O-O g5
15. Bc1 Qc7 16. Ng3 Qxe5 17. Rde1 Qg7 18. Nf5 Bxf5 19. Qxf5 h6 20. Ba3 b6 21. a5
Rd7 22. axb6 Qxc3 23. b7 1-0

[Event "Sportland.NRW Youth Cup"]
[Site "Dortmund GER"]
[Date "2019.07.14"]
[Round "2.3"]
[White "Runte, Moritz"]
[Black "Gallasch, Robin"]
[Result "1-0"]
[WhiteElo "2094"]
[BlackElo "1987"]
[WhiteFideId "12991449"]
[BlackFideId "16222423"]
[EventDate "2019.07.13"]

1. e4 c6 2. c4 d5 3. exd5 cxd5 4. cxd5 Nf6 5. Qa4+ Nbd7 6. Nc3 g6 7. Bc4 Bg7 8.
Nf3 O-O 9. d3 a6 10. Qa3 Nb6 11. Qb3 e6 12. dxe6 Re8 13. O-O Bxe6 14. Bxe6 Rxe6
15. Be3 Nbd5 16. Bd4 Nf4 17. Rad1 N6d5 18. Bxg7 Kxg7 19. g3 Rb6 20. Qa3 Ne6 21.
Rfe1 Rc8 22. d4 Rc4 23. Nxd5 Qxd5 24. Re5 Qd6 25. d5 Qxa3 26. bxa3 Rd6 27. Nd2
Rd4 28. dxe6 1-0

[Event "Sportland.NRW Youth Cup"]
[Site "Dortmund GER"]
[Date "2019.07.14"]
[Round "2.4"]
[White "Korten, Lando"]
[Black "Gutkin, Ilya"]
[Result "1/2-1/2"]
[WhiteElo "2125"]
[BlackElo "2106"]
[WhiteFideId "12989606"]
[BlackFideId "16203470"]
[EventDate "2019.07.13"]

1. d4 e6 2. c4 Bb4+ 3. Nc3 c5 4. e3 Nf6 5. Ne2 d6 6. a3 Bxc3+ 7. Nxc3 O-O 8. Be2
Nbd7 9. Nb5 Qe7 10. dxc5 dxc5 11. Qd6 Qxd6 12. Nxd6 Rd8 13. b4 Kf8 14. Bb2 Ke7
15. Rd1 Nb6 16. Be5 Ne8 17. Nxe8 Rxe8 18. Bd6+ Kf6 19. Bxc5 e5 20. f4 exf4 21.
O-O g5 22. Bd4+ Kg6 23. Bd3+ Bf5 24. exf4 g4 25. c5 Nd5 26. Bc4 Rad8 27. Bxd5
Rxd5 28. Be5 Rxd1 29. Rxd1 f6 30. Rd6 Re6 31. Rxe6 Bxe6 32. Bb8 a6 33. Kf2 Kf5
34. Ke3 Bd5 35. g3 Ke6 36. Kd4 f5 37. Bd6 Bc6 38. Be5 Ba4 39. c6 Bxc6 40. Kc5
Bf3 41. Kb6 1/2-1/2

[Event "Sportland.NRW Youth Cup"]
[Site "Dortmund GER"]
[Date "2019.07.14"]
[Round "2.5"]
[White "Kartsev, Nikolay"]
[Black "Wensing, Maximilian"]
[Result "1/2-1/2"]
[WhiteElo "2017"]
[BlackElo "2109"]
[WhiteFideId "12939536"]
[BlackFideId "16222415"]
[EventDate "2019.07.13"]

1. e4 c5 2. Nf3 d6 3. c3 Nf6 4. Bd3 e6 5. Bc2 Be7 6. O-O O-O 7. d4 b6 8. Re1 Bb7
9. a3 Re8 10. Nbd2 Nbd7 11. e5 dxe5 12. dxe5 Nd5 13. Ne4 Nf8 14. Ba4 Nc7 15.
Bxe8 Qxd1 16. Rxd1 Bxe4 17. Ba4 b5 18. Bb3 c4 19. Ba2 Ng6 20. Bb1 Bxf3 21. gxf3
Nxe5 22. Be4 Rc8 23. Bf4 Nd3 24. Bxc7 Rxc7 25. Bxd3 cxd3 26. Rxd3 Kf8 27. Rad1
Ke8 28. Kf1 a5 29. f4 g6 30. Ke2 h5 31. R1d2 Rb7 32. h3 Rc7 33. Kd1 Rb7 34. Kc2
Rc7 35. Kd1 Rb7 36. Kc2 Rc7 37. Kb3 a4+ 38. Kc2 Ra7 39. Kd1 Rc7 40. Ke2 Rb7 41.
Rd4 Bc5 42. Rd8+ Ke7 43. Ra8 Bb6 44. c4 Bc7 45. cxb5 Bxf4 46. Rd4 Be5 47. Rdxa4
Rxb5 48. b4 Bd4 49. R8a5 Rb7 50. Ra8 Kf6 51. Rd8 e5 52. Ra6+ Kg5 53. Kf3 f5 54.
Rdd6 e4+ 55. Kg2 Be5 56. Rxg6+ Kf4 57. Rh6 Rd7 58. Rac6 Rd2 59. Rc4 Bd4 60. Rxd4
Rxd4 61. Rc6 Rd2 62. Rc3 Rb2 63. Kf1 Rb1+ 64. Ke2 Rb2+ 65. Ke1 Rb1+ 66. Kd2 Rb2+
67. Ke1 Rb1+ 68. Kd2 Rb2+ 69. Rc2 Rxc2+ 70. Kxc2 Kf3 71. b5 Kxf2 72. b6 e3 73.
b7 e2 74. b8=Q e1=Q 75. Qf4+ Kg2 76. Qxf5 Qe2+ 77. Kc3 Qe3+ 78. Qd3 Qc5+ 79. Kd2
h4 80. a4 Qb4+ 81. Ke2 Qxa4 82. Qf3+ Kh2 83. Qf2+ Kxh3 84. Qf3+ Kh2 85. Qf2+ Kh3 1/2-1/2

[Event "Sportland.NRW Youth Cup"]
[Site "Dortmund GER"]
[Date "2019.07.15"]
[Round "3.1"]
[White "Wensing, Maximilian"]
[Black "Elier, Ali"]
[Result "1-0"]
[WhiteElo "2109"]
[BlackElo "2030"]
[WhiteFideId "16222415"]
[BlackFideId "16217543"]
[EventDate "2019.07.13"]

1. c4 e6 2. g3 Nf6 3. Bg2 d5 4. Nf3 Be7 5. O-O O-O 6. cxd5 exd5 7. d4 b6 8. Nc3
Bb7 9. Bf4 c5 10. dxc5 bxc5 11. Ne5 Nbd7 12. Qb3 Nb6 13. Rfd1 Qc8 14. Rac1 d4
15. Bxb7 Qxb7 16. Na4 Qa6 17. Nxc5 Bxc5 18. Rxc5 Qxe2 19. Rxd4 Rad8 20. Nf3 Rc8
21. Rxc8 Rxc8 22. Qd3 Qxd3 23. Rxd3 Nbd5 24. Be5 Kf8 25. Bd4 Nb4 26. Ra3 Rc1+
27. Kg2 a6 28. Ra4 Nd3 29. Rxa6 Rc2 30. Ne5 Nxb2 31. Rb6 Na4 32. Rb8+ Ke7 33.
Rb7+ Ke6 34. Nxf7 Rxa2 35. Ng5+ Kf5 36. Rxg7 Nh5 37. Rg8 Rd2 38. Be3 Rd7 39. Ra8
Nc3 40. Ra5+ Nd5 41. Nf3 Nf6 42. Bd4 Ke6 43. Ng5+ Ke7 44. Ra6 h6 45. Re6+ Kd8
46. Bxf6+ Nxf6 47. Rxf6 hxg5 48. Rf8+ Kc7 49. Rf5 Rg7 50. Ra5 Rg6 51. Re5 Kd7
52. Re2 Kd6 53. Kh3 1-0

[Event "Sportland.NRW Youth Cup"]
[Site "Dortmund GER"]
[Date "2019.07.15"]
[Round "3.2"]
[White "Gutkin, Ilya"]
[Black "Kartsev, Nikolay"]
[Result "0-1"]
[WhiteElo "2106"]
[BlackElo "2017"]
[WhiteFideId "16203470"]
[BlackFideId "12939536"]
[EventDate "2019.07.13"]

1. Nf3 Nf6 2. c4 e6 3. g3 d5 4. Bg2 Bd6 5. d4 c6 6. Nbd2 Nbd7 7. O-O O-O 8. b3
e5 9. dxe5 Nxe5 10. cxd5 Nxd5 11. Bb2 Re8 12. Nxe5 Bxe5 13. Bxe5 Rxe5 14. Nc4
Re8 15. e4 Nb6 16. Ne3 Be6 17. Qc2 Qe7 18. f4 f6 19. Rad1 Rad8 20. Rxd8 Rxd8 21.
Rd1 a5 22. Bf1 Rxd1 23. Qxd1 a4 24. Qd4 c5 25. Qd3 axb3 26. axb3 Qd7 27. Qxd7
Nxd7 28. Bc4 Bxc4 29. bxc4 Nb6 30. Kf2 Kf7 31. Ke2 h5 32. Kd3 g6 33. h3 Ke6 34.
f5+ Kf7 35. fxg6+ Kxg6 36. Ng2 Nd7 37. Nf4+ Kg5 38. Kc3 h4 39. Ne6+ Kh6 40. g4
b6 41. Nf4 Ne5 42. Kb3 Nxg4 43. hxg4 Kg5 44. Nd3 Kxg4 45. Kc2 Kf3 46. Kd2 Kxe4
47. Ke2 Kd4 48. Nb2 h3 49. Kf3 Kc3 50. Na4+ Kxc4 51. Nxb6+ Kd4 52. Nd7 c4 53.
Nxf6 c3 54. Nh5 h2 55. Ng3 Kd3 56. Kg2 c2 0-1

[Event "Sportland.NRW Youth Cup"]
[Site "Dortmund GER"]
[Date "2019.07.15"]
[Round "3.3"]
[White "Gallasch, Robin"]
[Black "Korten, Lando"]
[Result "1-0"]
[WhiteElo "1987"]
[BlackElo "2125"]
[WhiteFideId "16222423"]
[BlackFideId "12989606"]
[EventDate "2019.07.13"]

1. d4 Nf6 2. c4 g6 3. Nc3 Bg7 4. e4 O-O 5. Nf3 d6 6. h3 c5 7. d5 e6 8. Bd3 exd5
9. cxd5 Re8 10. O-O Nbd7 11. Re1 a6 12. a4 Rb8 13. Bf4 Ne5 14. Nxe5 dxe5 15. Be3
Qe7 16. a5 Nh5 17. Na4 Nf4 18. Bf1 Bf8 19. Qd2 c4 20. Bxf4 exf4 21. Qxf4 Bd7 22.
Nb6 Bb5 23. Bxc4 Bxc4 24. Nxc4 Rbd8 25. Rac1 Qb4 26. Red1 Bg7 27. d6 Bxb2 28.
Nxb2 Qxb2 29. d7 Rf8 30. Qc7 Qb5 31. e5 h5 32. Rc5 Qe2 33. Rcd5 Qb2 34. Qd6 Kh7
35. Qe7 Kg8 36. Qf6 Kh7 37. R1d2 Qc3 38. g3 Qc1+ 39. Kh2 Qf1 40. R5d4 Qa1 41. g4
Qb1 42. R2d3 hxg4 43. hxg4 Qb5 44. Rh3+ Kg8 45. Rh8# 1-0

[Event "Sportland.NRW Youth Cup"]
[Site "Dortmund GER"]
[Date "2019.07.15"]
[Round "3.4"]
[White "Seref, Erdogan"]
[Black "Runte, Moritz"]
[Result "1/2-1/2"]
[WhiteElo "1989"]
[BlackElo "2094"]
[WhiteFideId "16206827"]
[BlackFideId "12991449"]
[EventDate "2019.07.13"]

1. c4 e5 2. g3 Nf6 3. Bg2 h6 4. Nc3 Bb4 5. Nf3 e4 6. Nd4 Bxc3 7. bxc3 O-O 8. Ba3
Re8 9. O-O d6 10. Rb1 b6 11. Nc2 Bb7 12. Ne3 Nc6 13. d4 exd3 14. exd3 Rb8 15.
Qc2 Ne5 16. Bxb7 Rxb7 17. d4 Nf3+ 18. Kg2 Ng5 19. Nf5 Qd7 20. h4 Nge4 21. Ne3
Rbb8 22. Rbe1 Ng4 23. Nxg4 Qxg4 24. Bc1 Nf6 25. f3 Qd7 26. Bd2 a5 27. Qb1 Qc6
28. Qb5 Qxb5 29. cxb5 Kf8 30. a4 Rxe1 31. Rxe1 Re8 32. Rxe8+ Kxe8 33. c4 Kd7 1/2-1/2

[Event "Sportland.NRW Youth Cup"]
[Site "Dortmund GER"]
[Date "2019.07.15"]
[Round "3.5"]
[White "Arakelian, Aik"]
[Black "Garbuz, Vitaliy"]
[Result "1-0"]
[WhiteElo "1993"]
[BlackElo "2128"]
[WhiteFideId "16220340"]
[BlackFideId "12990710"]
[EventDate "2019.07.13"]

1. e4 c5 2. Nf3 Nc6 3. Bb5 g6 4. c3 Bg7 5. O-O Nf6 6. Re1 O-O 7. e5 Nd5 8. d4
cxd4 9. cxd4 d6 10. exd6 Qxd6 11. Nc3 Bg4 12. Nxd5 Qxd5 13. Bxc6 bxc6 14. Rxe7
c5 15. Qb3 Bxf3 16. Qxf3 Qxf3 17. gxf3 Bxd4 18. Rb1 Rfe8 19. Rxe8+ Rxe8 20. Kf1
Kg7 21. b3 Kf6 22. Bd2 Kf5 23. Rc1 h5 24. Rc4 Ke6 25. Be3 Rd8 26. Ke2 Bxe3 27.
fxe3 Kd6 28. e4 Rd7 29. Ke3 Rb7 30. Ra4 Kc6 31. Kf4 Rd7 32. Kg5 Kb6 33. Kf6 Rd4
34. Rc4 Rd7 35. e5 a5 36. Kg7 Kc6 37. Rf4 Re7 38. Rf6+ Kb5 39. f4 g5 40. Rxf7
Re6 41. Rf6 Re7+ 42. Kf8 1-0

[Event "Sportland.NRW Youth Cup"]
[Site "Dortmund GER"]
[Date "2019.07.16"]
[Round "4.1"]
[White "Elier, Ali"]
[Black "Garbuz, Vitaliy"]
[Result "1/2-1/2"]
[WhiteElo "2030"]
[BlackElo "2128"]
[WhiteFideId "16217543"]
[BlackFideId "12990710"]
[EventDate "2019.07.13"]

1. e4 c5 2. Nc3 a6 3. Nf3 e6 4. d4 cxd4 5. Nxd4 Qc7 6. a3 Nf6 7. Be3 b5 8. Be2
Bb7 9. Bf3 b4 10. axb4 Bxb4 11. Qd3 d5 12. exd5 Nxd5 13. Bd2 Bxc3 14. Bxc3 Nd7
15. Bxd5 Bxd5 16. O-O O-O 17. Nf5 Bc4 18. Qd4 f6 19. Rfd1 exf5 20. Qxd7 Qxd7 21.
Rxd7 Rfe8 22. Rc7 Rac8 23. Rxc8 Rxc8 24. Re1 Kf7 25. f3 Re8 26. Rxe8 Kxe8 27.
Kf2 Kd7 28. Ke3 Ke6 29. Ba5 Bd5 30. Kd4 Kd6 1/2-1/2

[Event "Sportland.NRW Youth Cup"]
[Site "Dortmund GER"]
[Date "2019.07.16"]
[Round "4.2"]
[White "Runte, Moritz"]
[Black "Arakelian, Aik"]
[Result "1-0"]
[WhiteElo "2094"]
[BlackElo "1993"]
[WhiteFideId "12991449"]
[BlackFideId "16220340"]
[EventDate "2019.07.13"]

1. e4 c5 2. Nf3 a6 3. c4 Nc6 4. d4 cxd4 5. Nxd4 Nf6 6. Nc3 e5 7. Nxc6 bxc6 8.
Bd3 Bc5 9. O-O O-O 10. Bg5 h6 11. Bh4 Rb8 12. Rb1 d6 13. a3 g5 14. Bg3 h5 15. h3
h4 16. Bh2 g4 17. Qd2 Nh7 18. hxg4 Bxg4 19. Kh1 Kh8 20. b4 Ba7 21. f3 Be6 22. f4
exf4 23. Qxf4 Rg8 24. Qxd6 h3 25. gxh3 Bxh3 26. Be5+ f6 27. Rxf6 Rg7 28. Qxd8+
Rxd8 29. Rg6 Bd4 30. Bxg7+ Bxg7 31. Rg3 Be6 32. e5 Bxe5 33. Re3 Bxc3 34. Bxh7
Bxc4 35. Rh3 Kg7 36. Rg1+ Kf6 37. Rxc3 Bd5+ 38. Kh2 Rh8 39. Rh3 1-0

[Event "Sportland.NRW Youth Cup"]
[Site "Dortmund GER"]
[Date "2019.07.16"]
[Round "4.3"]
[White "Korten, Lando"]
[Black "Seref, Erdogan"]
[Result "1-0"]
[WhiteElo "2125"]
[BlackElo "1989"]
[WhiteFideId "12989606"]
[BlackFideId "16206827"]
[EventDate "2019.07.13"]

1. d4 Nf6 2. c4 e6 3. Nf3 d5 4. Nc3 Bb4 5. Qb3 c5 6. dxc5 Nc6 7. Bd2 O-O 8. Rd1
Bxc5 9. cxd5 exd5 10. Na4 Be7 11. Bc3 Na5 12. Qb5 Bd7 13. Qxa5 Qxa5 14. Bxa5
Bxa4 15. b3 Bb5 16. Nd4 Bd7 17. f3 Rac8 18. e3 Rfe8 19. Kd2 Bc5 20. Bd3 g6 21.
Bc3 Nh5 22. a4 Ng7 23. b4 Bf8 24. Ra1 Nf5 25. Nxf5 Bxf5 26. Bxf5 gxf5 27. Kd3
Rxc3+ 28. Kxc3 Bg7+ 29. Kd3 Bxa1 30. Rxa1 Rc8 31. Kd4 Rc4+ 32. Kxd5 Rxb4 33. Ke5
Rb2 34. Rc1 Kg7 35. Kxf5 Rxg2 36. h4 Rh2 37. Rg1+ Kf8 38. Rg4 Rf2 39. Rf4 Kg7
40. e4 b5 41. axb5 Rb2 42. e5 Rxb5 43. Rc4 Rb6 44. Rc7 a6 45. Ra7 Rh6 46. f4 a5
47. Kg5 Rg6+ 48. Kh5 Rg1 49. Rxa5 Rf1 50. Kg5 Rg1+ 51. Kf5 Rh1 52. Ra7 Re1 53.
h5 h6 54. Ra2 Rg1 55. Re2 Rg3 56. e6 fxe6+ 57. Rxe6 Rg1 58. Re7+ Kf8 59. Rh7 Ra1
60. Rxh6 Ra5+ 61. Kg4 Kg7 62. Rb6 Rc5 63. Rg6+ Kf7 64. Rg5 Rc1 65. h6 Rg1+ 66.
Kf5 Rh1 67. Rg7+ Kf8 68. Kg6 Rg1+ 69. Kf6 Rh1 70. Rg6 Rh2 71. f5 Rh1 72. Ke5
Re1+ 73. Kd5 Rd1+ 74. Ke6 Re1+ 75. Kd7 Rh1 76. Rf6+ Kg8 77. Ke7 Ra1 78. Rd6 Ra7+
79. Rd7 Ra1 80. Rd8+ Kh7 81. f6 Re1+ 82. Kf7 Re2 83. Kf8 Re1 84. f7 Re2 85. Re8
Ra2 86. Re6 Ra7 87. Ke8 Ra8+ 88. Ke7 Ra7+ 89. Kf6 Ra8 90. Re8 Ra6+ 91. Ke5 Ra5+
92. Kd4 1-0

[Event "Sportland.NRW Youth Cup"]
[Site "Dortmund GER"]
[Date "2019.07.16"]
[Round "4.4"]
[White "Kartsev, Nikolay"]
[Black "Gallasch, Robin"]
[Result "1/2-1/2"]
[WhiteElo "2017"]
[BlackElo "1987"]
[WhiteFideId "12939536"]
[BlackFideId "16222423"]
[EventDate "2019.07.13"]

1. e4 c6 2. d4 d5 3. exd5 cxd5 4. c4 Nf6 5. Nc3 g6 6. Be3 Bg7 7. Nf3 O-O 8. h3
Nc6 9. Be2 Bf5 10. O-O Rc8 11. c5 Ne4 12. Qb3 e5 13. Nxe4 dxe4 14. Nxe5 Nxd4 15.
Bxd4 Qxd4 16. Ng4 Qxc5 17. Qxb7 Rb8 18. Qa6 Rxb2 19. Ne3 Be6 20. Rac1 Qb6 21.
Qxb6 axb6 22. Bc4 Bxc4 23. Nxc4 Rxa2 24. Nxb6 Bd4 25. Nd5 Rd8 26. Ne7+ Kg7 27.
Nc6 Rd6 28. Nxd4 Rxd4 29. g4 Rdd2 30. Rc3 Re2 31. g5 Kf8 32. h4 Kg7 33. Rb3 h6
34. Rg3 hxg5 35. hxg5 Kf8 36. Re3 Rxe3 37. fxe3 Re2 38. Rf4 Rxe3 39. Rg4 Ra3 40.
Kf2 e3+ 41. Ke2 Kg7 42. Rg1 f5 43. gxf6+ Kxf6 44. Rb1 g5 45. Kf3 Kg6 46. Rb8 Ra7
47. Rg8+ Kh6 48. Rh8+ Kg7 49. Re8 Rf7+ 50. Kg3 Kg6 51. Rxe3 1/2-1/2

[Event "Sportland.NRW Youth Cup"]
[Site "Dortmund GER"]
[Date "2019.07.16"]
[Round "4.5"]
[White "Wensing, Maximilian"]
[Black "Gutkin, Ilya"]
[Result "1/2-1/2"]
[WhiteElo "2109"]
[BlackElo "2106"]
[WhiteFideId "16222415"]
[BlackFideId "16203470"]
[EventDate "2019.07.13"]

1. c4 b6 2. e4 e6 3. Nc3 Bb7 4. g3 Bb4 5. Nge2 f5 6. Bg2 Nf6 7. O-O fxe4 8. d3
O-O 9. dxe4 e5 10. a3 Be7 11. Nd5 a5 12. Nec3 Nxd5 13. exd5 Bc5 14. Be4 Qf6 15.
Qh5 g6 16. Qg4 d6 17. Bg5 Qf7 18. Bh6 Re8 19. Kg2 Bc8 20. Qh4 Bf5 21. f4 Nd7 22.
g4 Bxe4+ 23. Nxe4 exf4 24. Rxf4 Qxf4 25. Bxf4 Rxe4 26. Bg3 Rae8 27. Re1 Rxe1 28.
Bxe1 Bd4 29. b4 Bf6 30. g5 Bd8 31. Qg4 Ne5 32. Qc8 axb4 33. Bxb4 Nf7 34. Bc3 Kf8
35. h4 Bf6 36. Qh3 Bxc3 37. Qxc3 Re5 38. a4 Re4 39. a5 1/2-1/2

[Event "Sportland.NRW Youth Cup"]
[Site "Dortmund GER"]
[Date "2019.07.17"]
[Round "5.1"]
[White "Gutkin, Ilya"]
[Black "Elier, Ali"]
[Result "0-1"]
[WhiteElo "2106"]
[BlackElo "2030"]
[WhiteFideId "16203470"]
[BlackFideId "16217543"]
[EventDate "2019.07.13"]

1. Nf3 Nf6 2. c4 e6 3. g3 d5 4. Bg2 Be7 5. d4 O-O 6. Qc2 dxc4 7. Nbd2 b5 8. a4
b4 9. Nxc4 Bb7 10. O-O Be4 11. Qb3 Qd5 12. Ncd2 c5 13. dxc5 Na6 14. Qxd5 Bxd5
15. Ne5 Bxc5 16. Bxd5 Nxd5 17. Nb3 Rac8 18. Bd2 Bd6 19. Nd3 Rc2 20. Rfc1 Rfc8
21. Rxc2 Rxc2 22. Rc1 Rxc1+ 23. Nbxc1 f5 24. Nf4 Bxf4 25. Bxf4 Nxf4 26. gxf4 Nc5
27. a5 Kf7 28. Kg2 Ke7 29. Kf3 Kd6 30. Ke3 Kd5 31. Nd3 Kc4 32. Nxc5 Kxc5 33. b3
h6 34. h4 Kd5 35. Kd3 e5 36. fxe5 Kxe5 37. h5 g6 38. hxg6 Kf6 39. Ke3 Kxg6 40.
Kf4 Kf6 41. e3 h5 42. Kg3 Ke5 43. f3 f4+ 44. exf4+ Kf5 45. a6 h4+ 46. Kxh4 Kxf4
47. Kh5 Kxf3 48. Kg5 Ke4 49. Kf6 Kd4 50. Ke6 Kc3 51. Kd6 Kxb3 52. Kc6 Ka4 53.
Kb7 b3 54. Kxa7 b2 55. Ka8 b1=Q 56. a7 Kb5 57. Kb7 Qh7+ 58. Kb8 Kb6 0-1

[Event "Sportland.NRW Youth Cup"]
[Site "Dortmund GER"]
[Date "2019.07.17"]
[Round "5.2"]
[White "Gallasch, Robin"]
[Black "Wensing, Maximilian"]
[Result "1/2-1/2"]
[WhiteElo "1987"]
[BlackElo "2109"]
[WhiteFideId "16222423"]
[BlackFideId "16222415"]
[EventDate "2019.07.13"]

1. c4 Nf6 2. Nc3 d5 3. cxd5 Nxd5 4. g3 c5 5. Bg2 Nc7 6. Nf3 Nc6 7. O-O e5 8. d3
Be7 9. Be3 O-O 10. Nd2 Bd7 11. f4 exf4 12. Bxf4 Ne6 13. Be3 Ned4 14. Rc1 Rc8 15.
Nd5 b6 16. Rf2 Bg4 17. Qf1 Bg5 18. Bxg5 Qxg5 19. Ne4 Qg6 20. h3 Bf5 21. Nf4 Qh6
22. e3 Bxe4 23. Bxe4 Ne6 24. Nxe6 Qxe6 25. Qg2 Ne7 26. Rcf1 Rcd8 27. g4 Ng6 28.
a3 Ne5 29. Rd1 Qb3 30. Rfd2 c4 31. Qe2 cxd3 32. Bxd3 Nxd3 33. Rxd3 Rxd3 34. Rxd3
Qe6 35. Qd2 Qe5 36. Kg2 h5 37. gxh5 Re8 38. Qe2 Qe4+ 39. Kf2 Qh4+ 40. Kg2 Qe4+
41. Kf2 Rc8 42. Rc3 Rd8 43. Kg3 Qe5+ 44. Kg2 Qg5+ 45. Kh2 Qf5 46. Kg3 Qe5+ 47.
Kg2 a5 48. Qc2 Qg5+ 49. Kh2 Qxh5 50. Rc8 Qe5+ 51. Kg2 Qd5+ 1/2-1/2